| 000 | 00711nam a2200217 4500 | ||
|---|---|---|---|
| 001 | 139329 | ||
| 003 | ES-MaACL | ||
| 005 | 20251003063128.0 | ||
| 007 | t| | ||
| 008 | 070214s1942 sp r ||||1| spa d | ||
| 100 | 1 |
_aScott, Walter, _cSir, _d1771-1832 _9104957 |
|
| 245 | 1 | 3 |
_aEl Talismán / _cWalter Scott ; traducción de Luis Jordá; ilustraciones de Federico Lloveras. |
| 260 |
_aBarcelona : _bIberia-Joaquín Gil, _c1942. |
||
| 300 |
_a437 p., 28 lám. : _bil. ; _c20 cm. |
||
| 490 | 1 | _aLa veleta | |
| 700 | 1 |
_aJordá, Luis. _966897 |
|
| 700 | 1 |
_aLloveras, Frederic ( _d1912-1983) _972936 |
|
| 830 | 0 |
_aLa veleta _9178640 |
|
| 852 |
_aES-MaACL _jF-4871 _bR.20355 |
||
| 999 |
_c139329 _d139329 |
||